Kirjaimella A alkavia sanoja #1 - Statistics

Yleistilastot
  • Tätä visaa on pelattu 1 551 kertaa
  • Keskiarvotulos 14 / 20
Vastaustilastot
Määritelmä Sana % Oikein
Henkilö, joka ei usko jumalten olemassaoloon Ateisti
97%
Lääkkeitä myyvä liike Apteekki
95%
Puolison äiti Anoppi
93%
Sääty-yhteiskunnan ylin sääty Aateli
91%
Kuvaileva sanaluokka Adjektiivi
90%
Alkuaineen pienin kemiallinen osa Atomi
86%
Käärmemäinen kalalaji Ankerias
85%
Rikollisen vapauttaminen rangaistuksesta tai sen osasta Armahdus
80%
Maatilan varastorakennus Aitta
78%
Ahdin tai Poseidonin kalastusväline Atrain
73%
Sodan osapuolten sopima sotimisen väliaikainen keskeytys Aselepo
69%
Planeettaa pienempi Aurinkoa kiertävä taivaankappale Asteroidi
65%
Merivoimien korkein sotilasarvo Suomessa Amiraali
63%
Yleinen keuhkojen krooninen tulehdussairaus Astma
63%
Luonnontilainen metsä, jossa ei tehdä mitään metsänhoitoa Aarniometsä
56%
Laaja ja tasainen maa-alue Alanko
56%
Epäkonkreettinen, käsitteellinen tai "korkeamman tason" ajatus Abstrakti
48%
Sen tavoitteena oli muuttaa metalleja kullaksi Alkemia
48%
Yhteiskunta, jossa ei ole hallintoa tai lakeja Anarkia
46%
Yliopistosta valmistunut opiskelija Alumni
41%
Ehtoja vastaavia visoja ei löytynyt
Tulosjakauma
Jokaisen tuloksen saaneiden osuus
Persentiili vastausten määrän mukaan
Tuloshistoriasi
Et ole pelannut tätä visaa